Football - Les Champions 2024/2025 - Statistiques

Statistiques générales
  • Ce quiz a été pris 612 fois
    255 depuis la dernière actualisation
  • Le résultat moyen est 14 sur 18
Statistiques - réponses
Compétition Club % Correct
Ligue des Champions Paris Saint-Germain
100%
Ligue 1 Paris Saint-Germain
96%
Coupe de France Paris Saint-Germain
96%
Liga FC Barcelone
95%
Bundesliga Bayern Munich
92%
Coupe du Roi FC Barcelone
92%
Premier League Liverpool
92%
Serie A Naples
92%
Europa League Tottenham
89%
Conférence League Chelsea
81%
Liga Portugal Sporting CP
80%
Eredivisie (Pays-Bas) PSV Eindhoven
69%
Super Lig (Turquie) Galatasaray
68%
FA Cup Crystal Palace
60%
EFL Cup Newcastle
51%
Coupe d'Allemagne Stuttgart
51%
Coupe d'Italie Bologne
49%
Jupiler Pro League (Belgique) Union Saint-Gilloise
37%
Aucun quiz correspondant
Distribution des résultats
% des personnes avec chaque résultat
Percentile par nombre de réponses
Votre historique - résultats
Vous n’avez pas pris ce quiz depuis la dernière actualisation